000 00709nam a2200217Ia 4500
001 12619
003 GE_BSU
008 181216s||||||||xx |||||||||||||| ||und||
040 _cGE_BSU
080 _a634.9
100 _aАльбенский,А.В.
245 _aРазведение быстрорастущих и ценных деревьев и кустарников
245 _cРед.Н.Калугин
260 _aМосква
260 _bСельхозгиз
260 _c1940
300 _a222стр.22см.
300 _eПриложение с.208
653 _aРазведение быстрорастущих и ценных деревьев и кустарников
942 _cBK
999 _c45791
_d45791